[Event "POL-chT 2nd League"]
[Site "Miedzyzdroje"]
[Date "2009.09.20"]
[Round "9"]
[White "Niemiec, Artur"]
[Black "Bugajski, Robert"]
[Result "0-1"]
[WhiteElo "2231"]
[BlackElo "2198"]
[PlyCount "76"]
[EventDate "2009.09.12"]
[EventType "team-swiss"]
[EventRounds "9"]
[EventCountry "POL"]
[SourceTitle "EXT 2019"]
[Source "ChessBase"]
[SourceDate "2018.10.10"]
[SourceVersion "1"]
[SourceVersionDate "2018.10.10"]
[SourceQuality "1"]
[WhiteTeam "Deblin Czarni"]
[BlackTeam "Izabelin SSz Parazauroloff"]
[WhiteTeamCountry "POL"]
[BlackTeamCountry "POL"]

1. e4 c5 2. Nf3 d6 3. d4 cxd4 4. Nxd4 Nf6 5. Nc3 a6 6. Bc4 e6 7. Bb3 Be7 8. Qf3 Nbd7 9. Qg3 Nc5 10. Qxg7 Rg8 11. Qh6 Rxg2 12. Be3 Rg6 13. Qh3 Qa5 14. 0-0-0 Bd7 15. Rhg1 0-0-0 16. Rxg6 hxg6 17. Qg2 Kb8 18. f3 Rc8 19. Kb1 b5 20. Bg5 b4 21. Nce2 Be8 22. Nc1 Qc7 23. Bc4 Qb6 24. Be3 a5 25. Ndb3 Bb5 26. Nxc5 dxc5 27. Qe2 Bc6 28. Nd3 Nd7 29. Bf4+ Ka8 30. Ne5 Nxe5 31. Bxe5 Rd8 32. Rxd8+ Qxd8 33. Bxe6 Bb5 34. Bc7 Bxe2 35. Bxd8 Bxd8 36. Bg4 g5 37. Bh5 Bc7 38. h3 Kb7 0-1

[Event "POL-chT 2nd League"]
[Site "Miedzyzdroje"]
[Date "2009.09.19"]
[Round "8"]
[White "Gryniakow, Jaroslaw"]
[Black "Niemiec, Artur"]
[Result "1/2-1/2"]
[WhiteElo "2215"]
[BlackElo "2231"]
[PlyCount "78"]
[EventDate "2009.09.12"]
[EventType "team-swiss"]
[EventRounds "9"]
[EventCountry "POL"]
[SourceTitle "EXT 2019"]
[Source "ChessBase"]
[SourceDate "2018.10.10"]
[SourceVersion "1"]
[SourceVersionDate "2018.10.10"]
[SourceQuality "1"]
[WhiteTeam "Torun Torfarm 64"]
[BlackTeam "Deblin Czarni"]
[WhiteTeamCountry "POL"]
[BlackTeamCountry "POL"]

1. d4 Nf6 2. c4 e6 3. Nf3 c5 4. d5 b5 5. dxe6 fxe6 6. cxb5 Bb7 7. Nc3 Be7 8. e3 0-0 9. Be2 d5 10. 0-0 Nbd7 11. b3 Qc7 12. Bb2 Rad8 13. Qc2 Ng4 14. h3 Ngf6 15. Rfd1 Ne4 16. Nxe4 dxe4 17. Nd4 Rxf2 18. Kxf2 Qh2 19. Ke1 Qg3+ 20. Kd2 cxd4 21. Bxd4 e5 22. Qc7 Bd5 23. Bc5 Nxc5 24. Qxe7 Nb7 25. Kc2 Rc8+ 26. Bc4 Bxc4 27. bxc4 Qxg2+ 28. Kb1 Rf8 29. Qxb7 h6 30. Qxa7 Qe2 31. Qa4 Rf2 32. Qb3 Rf3 33. a4 Rxe3 34. Qc2 Qf3 35. Ra2 Rc3 36. Qd2 Rd3 37. Kc1 Rxd2 38. Rdxd2 Qc3+ 39. Rdc2 Qe1+ 1/2-1/2

[Event "POL-chT 2nd League"]
[Site "Ustron"]
[Date "2008.09.06"]
[Round "1.98"]
[White "Lach, Ireneusz"]
[Black "Niemiec, Artur"]
[Result "0-1"]
[WhiteElo "1999"]
[BlackElo "2230"]
[PlyCount "80"]
[EventDate "2008.09.06"]
[EventType "team-swiss"]
[EventRounds "9"]
[EventCountry "POL"]
[SourceTitle "EXT 2015"]
[Source "ChessBase"]
[SourceDate "2014.11.20"]
[SourceVersion "1"]
[SourceVersionDate "2014.11.20"]
[SourceQuality "1"]
[WhiteTeam "Kosienice LKS"]
[BlackTeam "Deblin Czarni"]
[WhiteTeamCountry "POL"]
[BlackTeamCountry "POL"]

1. d4 Nf6 2. c4 e6 3. Nc3 Bb4 4. e3 b6 5. a3 Bxc3+ 6. bxc3 Bb7 7. Nf3 d6 8. Be2 Nbd7 9. 0-0 0-0 10. Nd2 Ne4 11. Qc2 f5 12. f3 Nxd2 13. Bxd2 Qh4 14. Bd3 Nf6 15. Rae1 Rad8 16. Bc1 g6 17. Qb3 Kg7 18. Be2 e5 19. Rd1 g5 20. Qc2 f4 21. c5 Bc6 22. cxd6 cxd6 23. e4 Qh5 24. Bb2 Qe8 25. dxe5 dxe5 26. Rxd8 Qxd8 27. c4 Qe7 28. Rd1 Qc5+ 29. Kh1 Re8 30. Bc3 a5 31. Qb2 Re6 32. Bf1 g4 33. Be1 g3 34. h3 Nd7 35. Bc3 Rd6 36. Rxd6 Qxd6 37. Qc1 Kf7 38. Bb2 Nc5 39. Bc3 Ke6 40. Bd2 Nb3 0-1

[Event "POL-chT 58th 2nd League"]
[Site "Wisla"]
[Date "2002.??.??"]
[Round "?"]
[White "Kasperek, Ryszard"]
[Black "Niemiec, Artur"]
[Result "1/2-1/2"]
[WhiteElo "2305"]
[BlackElo "2212"]
[PlyCount "40"]
[EventDate "2002.08.30"]
[EventType "team-swiss"]
[EventRounds "11"]
[EventCountry "POL"]
[SourceTitle "EXT 2019"]
[Source "ChessBase"]
[SourceDate "2018.10.10"]
[SourceVersion "1"]
[SourceVersionDate "2018.10.10"]
[SourceQuality "1"]

1. e4 e5 2. Nf3 Nf6 3. Nc3 Bb4 4. Bc4 0-0 5. 0-0 Nc6 6. d3 Bxc3 7. bxc3 d5 8. exd5 Nxd5 9. Bd2 Bg4 10. Re1 Qd6 11. h3 Bh5 12. Rb1 Nb6 13. Bb5 f6 14. Bxc6 Qxc6 15. c4 Rad8 16. Nxe5 Bxd1 17. Nxc6 Bxc2 18. Nxd8 Rxd8 19. Rbc1 Bxd3 20. Bf4 Rd7 1/2-1/2

[Event "POL-chT 58th 2nd League"]
[Site "Wisla"]
[Date "2002.??.??"]
[Round "?"]
[White "Niemiec, Artur"]
[Black "Judycki, Wieslaw"]
[Result "1-0"]
[WhiteElo "2212"]
[BlackElo "2191"]
[PlyCount "40"]
[EventDate "2002.08.30"]
[EventType "team-swiss"]
[EventRounds "11"]
[EventCountry "POL"]
[SourceTitle "EXT 2019"]
[Source "ChessBase"]
[SourceDate "2018.10.10"]
[SourceVersion "1"]
[SourceVersionDate "2018.10.10"]
[SourceQuality "1"]

1. e4 d6 2. d4 Nf6 3. Nc3 c6 4. Bg5 Nbd7 5. Nf3 Qc7 6. a4 e5 7. Bc4 Be7 8. 0-0 0-0 9. Re1 Nb6 10. Ba2 a5 11. h3 Bd7 12. Qe2 Rfc8 13. Rad1 c5 14. dxe5 dxe5 15. Nb5 Bxb5 16. Qxb5 h6 17. Bd2 Nbd7 18. Bc3 b6 19. Nh4 Nf8 20. Nf5 Ne6 1-0

[Event "POL-chT 2nd div North"]
[Site "Lublin"]
[Date "1999.??.??"]
[Round "5"]
[White "Kolendo, Mateusz"]
[Black "Niemiec, Artur"]
[Result "1/2-1/2"]
[WhiteElo "2185"]
[BlackElo "2225"]
[PlyCount "62"]
[EventDate "1999.09.11"]
[EventType "team-swiss"]
[EventRounds "8"]
[EventCountry "POL"]
[SourceTitle "EXT 2003"]
[Source "ChessBase"]
[SourceDate "2002.11.25"]
[SourceVersion "1"]
[SourceVersionDate "2002.11.25"]
[SourceQuality "1"]
[WhiteTeam "Poznan Pocztowiec II"]
[BlackTeam "Deblin Czarni"]
[WhiteTeamCountry "POL"]
[BlackTeamCountry "POL"]

1. e4 e5 2. Nf3 Nf6 3. Nxe5 d6 4. Nf3 Nxe4 5. d3 Nf6 6. d4 Bg4 7. Be2 Be7 8. 0-0 0-0 9. Nbd2 Nc6 10. Nc4 Re8 11. Ne3 Bh5 12. Re1 Bf8 13. c3 d5 14. Nf5 Qd7 15. Ng3 Bg6 16. Bf4 Bd6 17. Bxd6 Qxd6 18. Qb3 Rab8 19. Bb5 a6 20. Bxc6 Qxc6 21. Rxe8+ Rxe8 22. Ne5 Qb5 23. Qxb5 axb5 24. a4 Ra8 25. a5 Bc2 26. f3 Ne8 27. Nf1 f6 28. Ng4 Bf5 29. Nge3 Be6 30. Nd2 Nd6 31. b4 Nc4 1/2-1/2

[Event "POL-chT 2nd div North"]
[Site "Lublin"]
[Date "1999.??.??"]
[Round "1"]
[White "Kowalczyk, Marian"]
[Black "Niemiec, Artur"]
[Result "1-0"]
[WhiteElo "2005"]
[BlackElo "2225"]
[PlyCount "43"]
[EventDate "1999.09.11"]
[EventType "team-swiss"]
[EventRounds "8"]
[EventCountry "POL"]
[SourceTitle "EXT 2003"]
[Source "ChessBase"]
[SourceDate "2002.11.25"]
[SourceVersion "1"]
[SourceVersionDate "2002.11.25"]
[SourceQuality "1"]
[WhiteTeam "POL-chT 2nd div North 5"]
[BlackTeam "Deblin Czarni"]
[WhiteTeamCountry "POL"]
[BlackTeamCountry "POL"]

1. d4 Nf6 2. c4 e6 3. g3 d5 4. Bg2 c6 5. Nf3 Nbd7 6. 0-0 Be7 7. Qc2 Ne4 8. Nc3 f5 9. cxd5 exd5 10. a3 Bd6 11. b4 a6 12. Bb2 0-0 13. e3 Qe8 14. Na4 Qh5 15. Ne5 Ndf6 16. f3 Ng5 17. Rad1 Qe8 18. Nc5 Nf7 19. Ncd3 Be6 20. Nf2 Qb8 21. e4 Qc8 22. Nxf7 1-0

[Event "POL-chT 2nd div North"]
[Site "Lublin"]
[Date "1999.??.??"]
[Round "2"]
[White "Niemiec, Artur"]
[Black "Jurkiewicz, Krzysztof1111"]
[Result "1/2-1/2"]
[WhiteElo "2225"]
[BlackElo "2285"]
[PlyCount "63"]
[EventDate "1999.09.11"]
[EventType "team-swiss"]
[EventRounds "8"]
[EventCountry "POL"]
[SourceTitle "EXT 2003"]
[Source "ChessBase"]
[SourceDate "2002.11.25"]
[SourceVersion "1"]
[SourceVersionDate "2002.11.25"]
[SourceQuality "1"]
[WhiteTeam "Deblin Czarni"]
[BlackTeam "Gdanski Tama Jantar Pruszcz"]
[WhiteTeamCountry "POL"]
[BlackTeamCountry "POL"]

1. e4 d5 2. exd5 Qxd5 3. Nc3 Qa5 4. d4 Nf6 5. Nf3 Bf5 6. Bd2 c6 7. Bc4 e6 8. a3 Qc7 9. h3 Nbd7 10. 0-0 Bd6 11. Re1 0-0-0 12. Nh4 Bg6 13. Qf3 Bh5 14. g4 Bg6 15. Nxg6 hxg6 16. b4 Nb6 17. Bb3 Nbd5 18. Ne2 e5 19. Bxd5 cxd5 20. dxe5 Bxe5 21. Rad1 Ne4 22. Be3 f5 23. c4 f4 24. Bxf4 Bxf4 25. Qxf4 Rdf8 26. Qxc7+ Kxc7 27. cxd5 Nxf2 28. Rc1+ Kd7 29. Rf1 Nxh3+ 30. Kg2 Re8 31. Nd4 Ng5 32. Ne6 1/2-1/2

[Event "POL-chT 2nd div North"]
[Site "Lublin"]
[Date "1999.??.??"]
[Round "6"]
[White "Niemiec, Artur"]
[Black "Murdzia, Piotr"]
[Result "1-0"]
[WhiteElo "2225"]
[BlackElo "2375"]
[PlyCount "54"]
[EventDate "1999.09.11"]
[EventType "team-swiss"]
[EventRounds "8"]
[EventCountry "POL"]
[SourceTitle "EXT 2003"]
[Source "ChessBase"]
[SourceDate "2002.11.25"]
[SourceVersion "1"]
[SourceVersionDate "2002.11.25"]
[SourceQuality "1"]
[WhiteTeam "Deblin Czarni"]
[BlackTeam "Podlaskie Tow Szachowe"]
[WhiteTeamCountry "POL"]
[BlackTeamCountry "POL"]

1. e4 c5 2. Nf3 Nc6 3. d4 cxd4 4. Nxd4 Nf6 5. Nc3 e5 6. Ndb5 d6 7. Bg5 a6 8. Na3 b5 9. Bxf6 gxf6 10. Nd5 f5 11. Nxb5 axb5 12. Bxb5 Bd7 13. exf5 Rb8 14. a4 Qg5 15. g4 Qd8 16. c3 h5 17. h4 hxg4 18. Qxg4 Bh6 19. Rd1 Kf8 20. Rg1 e4 21. Qxe4 Ne5 22. Bxd7 Qxd7 23. Kf1 Rxb2 24. f4 Qa7 25. Ne3 Rh2 26. Rxd6 Nd7 27. f6 Qa6+ 1-0

[Event "POL-chT 2nd div North"]
[Site "Lublin"]
[Date "1999.??.??"]
[Round "7"]
[White "Niemiec, Artur"]
[Black "Szczep, Zbigniew"]
[Result "1/2-1/2"]
[WhiteElo "2225"]
[BlackElo "2230"]
[PlyCount "60"]
[EventDate "1999.09.11"]
[EventType "team-swiss"]
[EventRounds "8"]
[EventCountry "POL"]
[SourceTitle "EXT 2003"]
[Source "ChessBase"]
[SourceDate "2002.11.25"]
[SourceVersion "1"]
[SourceVersionDate "2002.11.25"]
[SourceQuality "1"]
[WhiteTeam "Deblin Czarni"]
[BlackTeam "POL-chT 2nd div North 4"]
[WhiteTeamCountry "POL"]
[BlackTeamCountry "POL"]

1. e4 e6 2. d4 d5 3. Nd2 c5 4. exd5 Qxd5 5. Ngf3 cxd4 6. Bc4 Qd6 7. 0-0 Nf6 8. Nb3 Nc6 9. Nbxd4 Nxd4 10. Nxd4 Bd7 11. b3 0-0-0 12. Bb2 Qc7 13. Qe2 h5 14. Bb5 Ng4 15. g3 Bc5 16. Rad1 e5 17. Bxd7+ Qxd7 18. Qc4 Qc7 19. Nf5 Bxf2+ 20. Kg2 Qxc4 21. bxc4 Bd4 22. Bc1 Rd7 23. h3 Nh6 24. Nxg7 Rh7 25. Nxh5 Ng8 26. g4 Rc7 27. c3 Bxc3 28. Rd5 f6 29. Nxf6 Nxf6 30. Rxf6 Rxc4 1/2-1/2

[Event "POL-chT 2nd League South"]
[Site "Wisla"]
[Date "1998.??.??"]
[Round "?"]
[White "Czaplak, Tomasz"]
[Black "Niemiec, Artur"]
[Result "1/2-1/2"]
[WhiteElo "2190"]
[BlackElo "2240"]
[PlyCount "29"]
[EventDate "1998.11.20"]
[EventType "team-swiss"]
[EventRounds "10"]
[EventCountry "POL"]
[SourceTitle "EXT 2000"]
[Source "ChessBase"]
[SourceDate "1999.11.16"]
[SourceVersion "1"]
[SourceVersionDate "1999.11.16"]
[SourceQuality "1"]

1. c4 Nf6 2. Nc3 e6 3. e4 c5 4. e5 Ng8 5. Nf3 d6 6. exd6 Bxd6 7. d4 cxd4 8. Qxd4 Nf6 9. Bg5 Nc6 10. Qd2 Bb4 11. Bd3 h6 12. Bh4 Nd4 13. Nxd4 Qxd4 14. Bxf6 Qxf6 15. Rc1 1/2-1/2

[Event "POL-chT 2nd League South"]
[Site "Wisla"]
[Date "1998.??.??"]
[Round "?"]
[White "Kusina, Jan"]
[Black "Niemiec, Artur"]
[Result "0-1"]
[WhiteElo "2135"]
[BlackElo "2240"]
[PlyCount "78"]
[EventDate "1998.11.20"]
[EventType "team-swiss"]
[EventRounds "10"]
[EventCountry "POL"]
[SourceTitle "EXT 2000"]
[Source "ChessBase"]
[SourceDate "1999.11.16"]
[SourceVersion "1"]
[SourceVersionDate "1999.11.16"]
[SourceQuality "1"]

1. Nf3 d5 2. g3 c5 3. Bg2 Nc6 4. d4 Nf6 5. 0-0 e6 6. c3 Bd6 7. Nbd2 0-0 8. dxc5 Bxc5 9. Qc2 e5 10. b4 Bd6 11. e4 Qc7 12. a3 Ne7 13. exd5 Bf5 14. Qb3 Bd3 15. Re1 b5 16. Re3 Bc4 17. Nxc4 bxc4 18. Qc2 Nexd5 19. Re2 h6 20. Nh4 Rfe8 21. Nf5 Bf8 22. Ne3 Rad8 23. Bd2 g6 24. Rd1 Nb6 25. Bc1 e4 26. Rxd8 Rxd8 27. Bxe4 Nxe4 28. Qxe4 Bg7 29. Rc2 Rd3 30. Bd2 Qd7 31. Be1 Rd6 32. Qf4 Re6 33. Rd2 Qc8 34. Rd1 Qe8 35. Qc7 Rxe3 36. fxe3 Qxe3+ 37. Bf2 Qf3 38. Rf1 Nd5 39. Qxa7 Nxc3 0-1

[Event "POL-chT 2nd League South"]
[Site "Wisla"]
[Date "1998.??.??"]
[Round "?"]
[White "Niemiec, Artur"]
[Black "Jakubowski, Tomasz"]
[Result "0-1"]
[WhiteElo "2240"]
[BlackElo "2220"]
[PlyCount "53"]
[EventDate "1998.11.20"]
[EventType "team-swiss"]
[EventRounds "10"]
[EventCountry "POL"]
[SourceTitle "EXT 2000"]
[Source "ChessBase"]
[SourceDate "1999.11.16"]
[SourceVersion "1"]
[SourceVersionDate "1999.11.16"]
[SourceQuality "1"]

1. e4 c5 2. Nf3 d6 3. d4 cxd4 4. Nxd4 Nf6 5. Nc3 a6 6. Bc4 e6 7. Bb3 Nbd7 8. 0-0 Nc5 9. Bg5 Be7 10. Qf3 Qc7 11. Rfe1 b5 12. Rad1 0-0 13. Qg3 b4 14. Bxf6 Bxf6 15. Nb1 Bb7 16. Qg4 Rfd8 17. Re3 Rac8 18. c3 Nxb3 19. axb3 Qb6 20. Qe2 a5 21. h3 Ba6 22. Qg4 Qc5 23. Rf3 h5 24. Qg3 Qg5 25. Qxg5 Bxg5 26. c4 e5 27. Rg3 0-1